Bangladesh population census, 1991 : Zila : Rangpur.

Dettagli Bibliografici
Ente Autore: Bangladesh Bureau of Statistics
Natura: Libro
Lingua:English
Pubblicazione: Dhaka : Bangladesh Bureau of Statistics, Statistics Division, Ministry of Planning, Govt. of the People's Republic of Bangladesh, 1995
Serie:Community series
Soggetti:
Classic Catalogue: View this record in Classic Catalogue
LEADER 01189nam a2200289 4500
001 5502
003 BD-DhAAL
005 20231204143740.0
008 171220t199 bg a||||bs|||f000 0 eng d
020 |a 9845081924 
040 |a BD-DhAAL 
082 |2 20  |a 304.6095492 
245 |a Bangladesh population census, 1991 :   |b Zila : Rangpur. 
246 |a বাংলাদেশ আদমশুমারী ১৯৯১: জেলা : রংপুর  
260 |a Dhaka :  |b Bangladesh Bureau of Statistics, Statistics Division, Ministry of Planning, Govt. of the People's Republic of Bangladesh,  |c 1995 
300 |a xiv, 263 pages :  |b illustrations ;  |c 28 cm. 
490 |a Community series 
500 |a Chiefly statistical tables. 
526 |a AAL 
541 |e 5502 
651 |a Bangladesh  |x Population  |v Statistics  |9 24288 
651 |a Bangladesh  |x Census, 1991  |9 24289 
710 |a Bangladesh Bureau of Statistics   |9 24291 
852 |a Ayesha Abed Library  |c Reference Section 
942 |2 ddc  |c BK 
999 |c 38841  |d 38841 
952 |0 0  |1 0  |2 ddc  |4 0  |6 304_609549200000000_BAN  |7 1  |8 RPT  |9 62323  |a BRACUL  |b BRACUL  |c REF  |d 2017-12-20  |g 400.00  |l 0  |o 304.6095492 BAN  |p 3010005502  |r 2017-12-20  |t 1  |w 2017-12-20  |y BK